000 00282nam a22001337a 4500
008 170420b xxu||||| |||| 00| 0 eng d
020 _a2900495013937
041 _aeng
080 _22ND
_a573
100 _a11
101 _aSHM
245 _aPLANT BIOLOGY
_cROST
942 _2udc
_cBK
999 _c11339
_d11339